<?xml version="1.0" encoding="UTF-8"?>
<record
    xmlns:xsi="http://www.w3.org/2001/XMLSchema-instance"
    xsi:schemaLocation="http://www.loc.gov/MARC21/slim http://www.loc.gov/standards/marcxml/schema/MARC21slim.xsd"
    xmlns="http://www.loc.gov/MARC21/slim">

  <leader>01581nam a2200277Ia 4500</leader>
  <datafield tag="999" ind1=" " ind2=" ">
    <subfield code="c">4285</subfield>
    <subfield code="d">4285</subfield>
  </datafield>
  <controlfield tag="003">OSt</controlfield>
  <controlfield tag="005">20200704095022.0</controlfield>
  <controlfield tag="008">191128s2006    ck ad  fr     100 0 spa d</controlfield>
  <datafield tag="040" ind1=" " ind2=" ">
    <subfield code="a">CO-JMCR</subfield>
    <subfield code="c">CO-JMCR</subfield>
  </datafield>
  <datafield tag="041" ind1="0" ind2=" ">
    <subfield code="a">spa</subfield>
  </datafield>
  <datafield tag="082" ind1="0" ind2="4">
    <subfield code="a">336.20986 /</subfield>
    <subfield code="b">S471t</subfield>
    <subfield code="2">23</subfield>
  </datafield>
  <datafield tag="111" ind1="2" ind2=" ">
    <subfield code="a">Seminario Internacional Transparencia Fiscal </subfield>
    <subfield code="d">(2006 : </subfield>
    <subfield code="c">Bogot&#xE1;)</subfield>
    <subfield code="9">6650</subfield>
  </datafield>
  <datafield tag="245" ind1="1" ind2="0">
    <subfield code="a">Transparencia fiscal : </subfield>
    <subfield code="b">presupuesto por resultados y calidad del gasto p&#xFA;blico /</subfield>
    <subfield code="c">Seminario Internacional</subfield>
  </datafield>
  <datafield tag="260" ind1=" " ind2=" ">
    <subfield code="a">Bogot&#xE1; : </subfield>
    <subfield code="b">Departamento Nacional de Planeaci&#xF3;n : Banco Mundial : Banco Interamericano de Desarrollo : Ministerio de Hacienda, </subfield>
    <subfield code="c">2006</subfield>
  </datafield>
  <datafield tag="300" ind1=" " ind2=" ">
    <subfield code="a">259 p&#xE1;ginas : </subfield>
    <subfield code="b">gr&#xE1;ficos ;  </subfield>
    <subfield code="c">23 cm.</subfield>
  </datafield>
  <datafield tag="505" ind1="0" ind2=" ">
    <subfield code="a">Apertura -- Reformas a las instituciones presupuestales y presupuesto por resultados -- Los resultados de la reforma en desempe&#xF1;o fiscal -- Experiencia nacional e internacional en presupuesto por resultados</subfield>
  </datafield>
  <datafield tag="650" ind1="1" ind2="4">
    <subfield code="a">Administraci&#xF3;n p&#xFA;blica</subfield>
    <subfield code="v">Congresos, conferencias, etc.</subfield>
    <subfield code="z">Colombia </subfield>
    <subfield code="9">6651</subfield>
  </datafield>
  <datafield tag="650" ind1="1" ind2="4">
    <subfield code="a">Auditor&#xED;a interna</subfield>
    <subfield code="v">Congresos, conferencias, etc.</subfield>
    <subfield code="z">Colombia </subfield>
    <subfield code="9">6652</subfield>
  </datafield>
  <datafield tag="650" ind1="1" ind2="4">
    <subfield code="a">Pol&#xED;ticas p&#xFA;blicas</subfield>
    <subfield code="v">Congresos, conferencias, etc.</subfield>
    <subfield code="z">Colombia </subfield>
    <subfield code="9">6653</subfield>
  </datafield>
  <datafield tag="650" ind1="1" ind2="4">
    <subfield code="a">Gastos p&#xFA;blicos</subfield>
    <subfield code="v">Congresos, conferencias, etc.</subfield>
    <subfield code="z">Colombia </subfield>
    <subfield code="9">6654</subfield>
  </datafield>
  <datafield tag="650" ind1="1" ind2="4">
    <subfield code="a">Pol&#xED;tica fiscal</subfield>
    <subfield code="v">Congresos, conferencias, etc.</subfield>
    <subfield code="z">Colombia </subfield>
    <subfield code="9">6655</subfield>
  </datafield>
  <datafield tag="650" ind1="1" ind2="4">
    <subfield code="a">Hacienda p&#xFA;blica  </subfield>
    <subfield code="v">Congresos, conferencias, etc.</subfield>
    <subfield code="z">Colombia </subfield>
    <subfield code="9">6656</subfield>
  </datafield>
  <datafield tag="650" ind1="1" ind2="4">
    <subfield code="a">Pol&#xED;tica fiscal   </subfield>
    <subfield code="v">Congresos, conferencias, etc.</subfield>
    <subfield code="z">Colombia </subfield>
    <subfield code="9">6657</subfield>
  </datafield>
  <datafield tag="650" ind1="1" ind2="4">
    <subfield code="a">Administraci&#xF3;n p&#xFA;blica</subfield>
    <subfield code="v">Congresos, conferencias, etc.</subfield>
    <subfield code="z">Chile</subfield>
    <subfield code="9">6658</subfield>
  </datafield>
  <datafield tag="942" ind1=" " ind2=" ">
    <subfield code="2">ddc</subfield>
    <subfield code="c">BK</subfield>
  </datafield>
  <datafield tag="952" ind1=" " ind2=" ">
    <subfield code="0">0</subfield>
    <subfield code="1">0</subfield>
    <subfield code="2">ddc</subfield>
    <subfield code="4">0</subfield>
    <subfield code="7">0</subfield>
    <subfield code="8">NFIC</subfield>
    <subfield code="a">CPL</subfield>
    <subfield code="b">CPL</subfield>
    <subfield code="d">2017-12-01</subfield>
    <subfield code="e">Donaci&#xF3;n</subfield>
    <subfield code="g">0.00</subfield>
    <subfield code="l">0</subfield>
    <subfield code="o">336.20986 / S471t </subfield>
    <subfield code="p">201809121</subfield>
    <subfield code="r">2024-05-16 00:00:00</subfield>
    <subfield code="t">Ej.1</subfield>
    <subfield code="y">BK</subfield>
  </datafield>
</record>
